Pays dont la capitale commence par S - Statistiques

Statistiques générales
  • Ce quiz a été pris 116 fois
  • Le résultat moyen est 11 sur 17
Answers on the Grid
Answers color-coded by a green-red scale on the quiz's grid according to % correct below.
Grenade
Antigua-et-Barbuda
République Dominicaine
Saint-Marin
Costa Rica
Salvador
Yémen
Chili
São Tomé-et-Principe
Bosnie-Herzégovine
Corée du Sud
Singapour
Macédoine du Nord
Bulgarie
Sri Lanka
Suède
Fidji
Samoa
Sainte-Lucie
Seychelles
Brésil
Australie
Russie
Chine
Liechtenstein
Croatie
Tunisie
Cuba
Ouzbékistan
Uruguay
 
Statistiques - réponses
Réponse % Correct
Séoul Corée du Sud
87%
Stockholm Suède
87%
Santiago Chili
85%
Singapour Singapour
83%
Sofia Bulgarie
76%
San Salvador Salvador
74%
Sarajevo Bosnie-Herzégovine
72%
Saint-Marin Saint-Marin
72%
São Tomé São Tomé-et-Principe
60%
Sanaa Yémen
60%
Skopje Macédoine du Nord
59%
San José Costa Rica
58%
Saint-Domingue République Dominicaine
57%
Sri Jayawardenapura Kotte Sri Lanka
57%
Suva Fidji
38%
Saint John's Antigua-et-Barbuda
33%
Saint George's Grenade
32%
Aucun quiz correspondant
Distribution des résultats
% des personnes avec chaque résultat
Percentile par nombre de réponses
Votre historique - résultats
Vous n’avez pas pris ce quiz